Saurez-vous reconnaître la langue? - Statistiques

Statistiques générales
  • Ce quiz a été pris 57 fois
  • Le résultat moyen est 6 sur 10
Statistiques - réponses
Hint Réponse % Correct
Il brano, divenuto estremamente popolare nel 2013, ha raggiunto il 1º posto nelle classifiche musicali in Belgio e in Francia, così come alte posizioni nelle classifiche di molti altri paesi. Italien
98%
Россия была провозглашена империей 22 октября (2 ноября) 1721 года Russe
98%
The earthquake was preceded by a magnitude 4.5 (ML) foreshock that struck very close to its epicentre at 17:05 local time (15:05 UTC). Anglais
94%
Türk kelimesinin kökeni, "güçlü, kuvvet, olgun" veya "gelişen, tam güçte" anlamlarına gelebilir Turc
78%
Sverige är en konstitutionell monarki med parlamentarisk demokrati och utvecklad ekonomi. Suédois
67%
uomi sijaitsee pohjoisella havumetsävyöhykkeellä, ja maassa on yli 168 000 järveä Finnois
45%
A polgárai számára általános társadalom- és nyugdíjbiztosítási rendszert tart fenn, részben ingyenes egészségügyi ellátással (járulékfizetési kötelezettség mellett), valamint térítésmentes alap-, illetve középfokú oktatást Hongrois
37%
Rugby in Korea dateer uit die Japannese besetting en word sedertdien sterk deur die voormalige koloniale mag beïnvloed Afrikaans
18%
Ginagamit ang mga pahinang usapan upang isentralisado ang mga naiisip at kumento para mapabuti ang isang partikular na artikulo o pahina Tagalog
16%
Àdduna bu gën di yamale, ak gën di tinkiku ci la aju Wolof
0%
Aucun quiz correspondant
Distribution des résultats
% des personnes avec chaque résultat
Percentile par nombre de réponses
Votre historique - résultats
Vous n’avez pas pris ce quiz